Amazing discoveries in the words of Jesus. (Record no. 5031)

000 -LEADER
fixed length control field 00761nam a2200205 a 4500
001 - CONTROL NUMBER
control field :::00002772$&:&@@
003 - CONTROL NUMBER IDENTIFIER
control field OkBaRHE
005 - DATE AND TIME OF LATEST TRANSACTION
control field 20000607103257.0
008 - FIXED-LENGTH DATA ELEMENTS--GENERAL INFORMATION
fixed length control field s1951 j 000 0 eng u
040 ## - CATALOGING SOURCE
Transcribing agency
100 1# - MAIN ENTRY--PERSONAL NAME
Personal name Lindsay, Gordon.
245 10 - TITLE STATEMENT
Title Amazing discoveries in the words of Jesus.
260 ## - PUBLICATION, DISTRIBUTION, ETC. (IMPRINT)
Place of publication, distribution, etc Dallas, TX., :
Name of publisher, distributor, etc Christ for the Nations
Date of publication, distribution, etc 1951
300 ## - PHYSICAL DESCRIPTION
Extent 119 p. ;
Dimensions 28 cm.
650 ## - SUBJECT ADDED ENTRY--TOPICAL TERM
Topical term or geographic name as entry element Jesus Christ Words
942 ## - ADDED ENTRY ELEMENTS (KOHA)
Source of classification or shelving scheme
Koha item type Books
Copies
Withdrawn status Date acquired Barcode Full call number Damaged status Koha item type Date last seen Source of classification or shelving scheme Shelving location Copy number Lost status Not for loan Price effective from Permanent Location
 2010-04-142772BS 2415 .L5A4 Books2018-03-16 General Stacks1  2010-04-14RHEMA Bible Training College
 2010-04-1415973BS 2415 .L5A4 Books2018-03-16 General Stacks2  2010-04-14RHEMA Bible Training College
 2010-04-1420025BS 2415 .L5A4 Books2018-03-16 General Stacks3  2010-04-14RHEMA Bible Training College